| 000 | 00747nam a22001935i 4500 | ||
|---|---|---|---|
| 001 | 152789 | ||
| 003 | ES-MaACL | ||
| 005 | 20250929063218.0 | ||
| 008 | 051018s1877 fr | |||||||| ||fre d | ||
| 040 |
_aCAM _bspa _cCAM |
||
| 100 | 1 |
_aBrunet, Pierre-Gustave, _d1805-1896 _932158 |
|
| 245 | 1 | 3 |
_aLa légende du prêtre Jean / _cpar G. Brunet. |
| 260 |
_aBordeaux : _bCharles Lefebvre libraire-éditeur, _c1877 ( _fImprimerie G. Gounouilhou) |
||
| 300 |
_a31 p. ; _c23 cm. |
||
| 500 | _aExtrait des Actes de l'Académie des Sciences, Belles-Lettres et Arts de Bordeaux. | ||
| 650 | 4 |
_aPreste Juan (Personaje mitológico) _9146367 |
|
| 852 |
_aES-MaACL _jT-255-F-1 _z-- Enc. hol. _z-- Enc. en un vol. facticio |
||
| 999 |
_c152789 _d152789 |
||